000 00249nam a22000857a 4500
008 160630b xxu||||| |||| 00| 0 eng d
100 _91610
_a Gupta, R.G
245 _aMiddle School Composite Mathematics - VII
260 _aNew Delhi
_bArya Publication
_c2005
999 _c1334
_d1334